Fundamentals of statistics, Voll: 1-2 / (Record no. 1747)
[ view plain ]
| 000 -LEADER | |
|---|---|
| fixed length control field | 00694nam a2200229 a 4500 |
| 003 - CONTROL NUMBER IDENTIFIER | |
| control field | BD-DhJNU |
| 005 - DATE AND TIME OF LATEST TRANSACTION | |
| control field | 20250622061617.0 |
| 008 - FIXED-LENGTH DATA ELEMENTS--GENERAL INFORMATION | |
| fixed length control field | 250501s1986 ii a b 001 0 eng |
| 040 ## - CATALOGING SOURCE | |
| Original cataloging agency | BD-DhJNU |
| Language of cataloging | ENG |
| Transcribing agency | BD-DhJNU |
| Modifying agency | BD-DhJNU |
| 082 00 - DEWEY DECIMAL CLASSIFICATION NUMBER | |
| Classification number | 310 GOF |
| Edition number | 23 |
| 100 1# - MAIN ENTRY--PERSONAL NAME | |
| Personal name | Goon, A. M. |
| 245 10 - TITLE STATEMENT | |
| Title | Fundamentals of statistics, Voll: 1-2 / |
| Statement of responsibility, etc. | A. M. Goon, M. K. Gupta and B. Dasgupta |
| 250 ## - EDITION STATEMENT | |
| Edition statement | 5th ed. |
| 260 ## - PUBLICATION, DISTRIBUTION, ETC. | |
| Place of publication, distribution, etc. | Calcutta : |
| Name of publisher, distributor, etc. | The World Press Private Limited, |
| Date of publication, distribution, etc. | 1986. |
| 300 ## - PHYSICAL DESCRIPTION | |
| Extent | xiv, 557 p. : |
| Other physical details | ill. ; |
| Dimensions | 22 cm. |
| 490 ## - SERIES STATEMENT | |
| Volume/sequential designation | Vol: 1-2 |
| 504 ## - BIBLIOGRAPHY, ETC. NOTE | |
| Bibliography, etc. note | Includes bibliographical references and index. |
| 650 #0 - SUBJECT ADDED ENTRY--TOPICAL TERM | |
| Topical term or geographic name entry element | Statistics |
| 700 1# - ADDED ENTRY--PERSONAL NAME | |
| Personal name | Gupta, M. K. |
| 700 1# - ADDED ENTRY--PERSONAL NAME | |
| Personal name | Dasgupta, B. |
| 942 ## - ADDED ENTRY ELEMENTS (KOHA) | |
| Koha item type | Books |
| Source of classification or shelving scheme | Dewey Decimal Classification |
| Withdrawn status | Lost status | Source of classification or shelving scheme | Damaged status | Not for loan | Collection | Home library | Current library | Shelving location | Date acquired | Source of acquisition | Total checkouts | Full call number | Barcode | Date last seen | Copy number | Price effective from | Koha item type |
|---|---|---|---|---|---|---|---|---|---|---|---|---|---|---|---|---|---|
| Dewey Decimal Classification | Non-fiction | Jagannath University Central Library | Jagannath University Central Library | General stacks | 05/26/2025 | Purchased | 310 GOF | JNUCL4888 | 05/26/2025 | 1 | 05/26/2025 | Books | |||||
| Dewey Decimal Classification | Non-fiction | Jagannath University Central Library | Jagannath University Central Library | General stacks | 06/22/2025 | Purchased | 310 GOF | JNUCL4881 | 06/22/2025 | 2 | 06/22/2025 | Books | |||||
| Dewey Decimal Classification | Non-fiction | Jagannath University Central Library | Jagannath University Central Library | General stacks | 06/22/2025 | Purchased | 310 GOF | JNUCL4882 | 06/22/2025 | 3 | 06/22/2025 | Books |